Ingenieria económica

Na minha lista:
Detalhes bibliográficos
Principais autores: Blank, Leland T (Autor), Tarquin, Anthony J (Autor)
Formato: Livro
Idioma:espanhol
Publicado em: Bogotá McGraw-Hill 1986
Assuntos:
Tags: Adicionar Tag
Sem tags, seja o primeiro a adicionar uma tag!

MARC

LEADER 00000nam a2200000 a 4500
001 UCI0828
003 CL-VaPUC
008 070601e19860000CK |||||||||||||||||spa|d
020 |a 9684518803 
082 0 4 |a 332  |b BLA  |2 21 
100 |a Blank, Leland T  |e author  |9 574150 
700 0 |a Tarquin, Anthony J  |e author  |9 520960 
245 1 0 |a Ingenieria económica 
300 |a 558 p 
942 |c BK 
945 |d 20070601 00:00:00  |a jtorresc 
260 |a Bogotá  |b McGraw-Hill  |c 1986 
650 0 |a Ingeniería económica  |9 259938 
650 0 |a Análisis económico  |9 259939 
583 |a last modification  |c 20140404 10:41:08  |k Rodrigo Vera 
999 |c 325808  |d 325806 
952 |0 0  |1 0  |2 ddc  |4 0  |6 332_000000000000000_BLA_1986  |7 0  |8 A  |9 407156  |a BIBING  |b BIBING  |c RES  |d 2019-11-22  |i 4344073  |o 332 BLA 1986  |p 4344073  |r 2025-01-20  |w 2019-11-22  |y BK  |k ING